[Event "IRQ-chT 30th"]
[Site "Baghdad"]
[Date "2018.03.22"]
[Round "9"]
[White "Hasnein, Fadhil Nasir"]
[Black "Ibraheem, Delbak Ismael"]
[Result "1/2-1/2"]
[WhiteElo "1700"]
[BlackElo "1936"]
[PlyCount "47"]
[EventDate "2018.03.08"]
[EventType "team-swiss"]
[EventRounds "13"]
[EventCountry "IRQ"]
[SourceTitle "CBM 183 Extra"]
[Source "ChessBase"]
[SourceDate "2018.04.19"]
[SourceVersion "1"]
[SourceVersionDate "2018.04.19"]
[SourceQuality "1"]

1. e4 g6 2. d4 Bg7 3. Nf3 d6 4. Be2 Nf6 5. Nc3 0-0 6. 0-0 b6 7. h3 Bb7 8. e5 dxe5 9. Nxe5 Na6 10. Be3 Nb4 11. a3 Nbd5 12. Nxd5 Nxd5 13. Bf3 c5 14. c4 Nxe3 15. fxe3 Bxe5 16. dxe5 Qc7 17. Bxb7 Qxb7 18. Qd5 Qc7 19. Rxf7 Rxf7 20. Qxa8+ Kg7 21. Qd5 Rf5 22. Rf1 Qxe5 23. Qxe5+ Rxe5 24. Rf3 1/2-1/2